Normal view
MARC view
- Demirbas Ayhan
Entry Personal Name
001 - CONTROL NUMBER
- control field: 263
003 - CONTROL NUMBER IDENTIFIER
- control field: OSt
005 - DATE AND TIME OF LATEST TRANSACTION
- control field: 20160603154619.0
008 - FIXED-LENGTH DATA ELEMENTS
- fixed length control field: 160603|| aca||aabn | a|a d
040 ## - CATALOGING SOURCE
- Original cataloging agency: OSt
- Transcribing agency: OSt
100 ## - HEADING--PERSONAL NAME
- Personal name: Demirbas Ayhan
670 ## - SOURCE DATA FOUND
- Source citation: Work cat.: (OSt): Demirbas Ayhan, Biodiesel A Realistic Fuel Alternative for Diesel Engines, 2008
